Erik ten Hag's Manchester United - Statistics

General Stats
  • This quiz has been taken 50 times
  • The average score is 38 of 48
Answer Stats
Rank Player Position Nationality Matches Goals Assists % Correct
13 André Onana Goalkeeper 64 0 0
100%
6 Antony Right Winger 87 12 5
98%
1 Bruno Fernandes Attacking Midfield 120 29 34
98%
5 Casemiro Defensive Midfield 95 13 9
98%
8 Christian Eriksen Central Midfield 83 7 16
98%
3 Diogo Dalot Right-Back 106 5 10
98%
9 Lisandro Martínez Centre-Back 71 1 1
98%
15 Luke Shaw Left-Back 62 1 8
98%
2 Marcus Rashford Left Winger 113 42 21
98%
7 Scott McTominay Central Midfield 85 13 4
98%
11 Victor Lindelöf Centre-Back 67 1 1
98%
14 Aaron Wan-Bissaka Right-Back 64 0 4
96%
16 David de Gea Goalkeeper 58 0 0
96%
10 Harry Maguire Centre-Back 71 5 3
96%
22 Tyrell Malacia Left-Back 39 0 0
96%
4 Alejandro Garnacho Attacking Midfield 98 20 15
94%
29 Amad Diallo Right Winger 24 3 2
94%
30 Marcel Sabitzer Central Midfield 18 3 1
94%
18 Rasmus Højlund Centre-Forward 51 18 2
94%
26 Anthony Elanga Right Winger 26 0 2
91%
19 Anthony Martial Centre-Forward 48 11 5
91%
31 Cristiano Ronaldo Centre-Forward 16 3 2
91%
17 Fred Central Midfield 56 6 6
91%
23 Jonny Evans Centre-Back 37 0 1
91%
33 Joshua Zirkzee Centre-Forward 13 1 2
91%
39 Manuel Ugarte Defensive Midfield 7 0 0
91%
25 Sofyan Amrabat Defensive Midfield 30 0 0
91%
43 Altay Bayındır Goalkeeper 2 0 0
89%
21 Kobbie Mainoo Central Midfield 44 5 1
87%
32 Noussair Mazraoui Right-Back 13 0 1
87%
12 Raphaël Varane Centre-Back 66 1 0
87%
28 Facundo Pellistri Left Winger 25 0 2
83%
34 Matthijs de Ligt Centre-Back 12 1 0
83%
24 Wout Weghorst Centre-Forward 31 2 3
81%
37 Hannibal Attacking Midfield 10 1 0
79%
27 Mason Mount Attacking Midfield 25 1 1
79%
45 Martin Dúbravka Goalkeeper 2 0 0
72%
20 Jadon Sancho Left Winger 45 7 3
70%
35 Sergio Reguilón Left-Back 12 0 0
70%
44 Tom Heaton Goalkeeper 2 0 0
64%
36 Donny van de Beek Central Midfield 12 0 0
62%
47 Brandon Williams Left-Back 1 0 0
34%
41 Toby Collyer Defensive Midfield 3 0 0
34%
38 Willy Kambwala Centre-Back 10 0 0
34%
46 Daniel Gore Central Midfield 2 0 0
23%
42 Ethan Wheatley Centre-Forward 3 0 0
17%
40 Omari Forson Right Winger 7 0 1
15%
48 Charlie McNeill Centre-Forward 1 0 0
9%
No matching quizzes found
Score Distribution
Percent of People with Each Score
Percentile by Number Answered
Your Score History
You have not taken this quiz